01479nam a2200325 a 450000100060000000300080000600500170001400800410003103500190007203500270009104000270011804100080014508200210015310000280017424501300020224601280033226000650046030000390052550000290056450400540059365000590064765000640070665000470077065100620081765100600087971000640093994200120100399900170101595201210103234353BD-RjUL20211209052139.0140515s1984 bg ab b 000 0 eng d a(BD-RjUL)34447 a(CStRLIN)NYCXAHK8289-B aNICcNICbengdBD-RjUL aeng a301.24bCHW 19841 aChisholm, N. G.910446310aWhose rural development? :bsocio-economic change in DTW pumpgroups in Bogra District, northwest Bangladesh /cNick Chisholm.14aWhose rural development? :bsocio-economic change in DTW (deep tubewell) pumpgroups in Bogra District, northwest Bangladesh aDhaka :bSwedish International Development Authority,c1984. axv, 206 p. :bill., maps ;c30 cm. aStudy initiated by SIDA. aIncludes bibliographical references (p. 203-206). 0aRural developmentzBangladeshzBogra District.9104464 0aIrrigationzBangladeshzBogra DistrictxManagement.9104465 0aWellszBangladeshzBogra District.9104466 0aBogra District (Bangladesh)xEconomic conditions.9104467 0aBogra District (Bangladesh)xSocial conditions.91044681 aSweden.bStyrelsen för internationell utveckling.9104469 2ddccBK c34353d34353 00102ddc40718NFICaRUCLbRUCLcReadingd1994-07-28l0o301.24 CHW 1984r2014-05-15 00:00:00tC-1w2014-05-15yBK